Physics for the health professions / (Record no. 8936)

MARC details
000 -LEADER
fixed length control field 01052nam a2200349 a 4500
001 - CONTROL NUMBER
control field 445390
003 - CONTROL NUMBER IDENTIFIER
control field OSt
005 - DATE AND TIME OF LATEST TRANSACTION
control field 20260602101317.0
008 - FIXED-LENGTH DATA ELEMENTS--GENERAL INFORMATION
fixed length control field 820503s1982 nyua b 001 0 eng
010 ## - LIBRARY OF CONGRESS CONTROL NUMBER
LC control number 82070068
020 ## - INTERNATIONAL STANDARD BOOK NUMBER
International Standard Book Number 0471086967
Qualifying information pbk.
020 ## - INTERNATIONAL STANDARD BOOK NUMBER
International Standard Book Number 9780471086963
Qualifying information (pbk.)
035 ## - SYSTEM CONTROL NUMBER
System control number 445390
040 ## - CATALOGING SOURCE
Original cataloging agency DLC
Transcribing agency DLC
Modifying agency DLC
050 00 - LIBRARY OF CONGRESS CALL NUMBER
Classification number R895
Item number .J4 1982
082 00 - DEWEY DECIMAL CLASSIFICATION NUMBER
Classification number 610.1 J4 1982
Edition number 19
100 1# - MAIN ENTRY--PERSONAL NAME
Personal name Jensen, J. Trygve
Fuller form of name (Jens Trygve)
245 10 - TITLE STATEMENT
Title Physics for the health professions /
Statement of responsibility, etc. J. Trygve Jensen.
250 ## - EDITION STATEMENT
Edition statement 3rd ed.
260 ## - PUBLICATION, DISTRIBUTION, ETC.
Place of publication, distribution, etc. New York :
Name of publisher, distributor, etc. J. Wiley,
Date of publication, distribution, etc. c1982.
300 ## - PHYSICAL DESCRIPTION
Extent xi, 329 p. :
Other physical details ill. ;
Dimensions 24 cm.
336 ## - CONTENT TYPE
Content type term text
Content type code txt
Source rdacontent
337 ## - MEDIA TYPE
Media type term unmediated
Media type code n
Source rdamedia
338 ## - CARRIER TYPE
Carrier type term volume
Carrier type code nc
Source rdacarrier
440 #2 - SERIES STATEMENT/ADDED ENTRY--TITLE
Title A Wiley medical publication
500 ## - GENERAL NOTE
General note Includes index.
504 ## - BIBLIOGRAPHY, ETC. NOTE
Bibliography, etc. note Bibliography: p. 315-319.
650 #0 - SUBJECT ADDED ENTRY--TOPICAL TERM
Topical term or geographic name entry element Medical physics.
906 ## - LOCAL DATA ELEMENT F, LDF (RLIN)
a 7
b cbc
c orignew
d 2
e opcn
f 19
g y-gencatlg
942 ## - ADDED ENTRY ELEMENTS (KOHA)
Source of classification or shelving scheme Dewey Decimal Classification
Koha item type English Book
Suppress in OPAC No

No items available.